Věc: obchodní zákoník. Poslední pokus o výkřik.
Nedostatky v koncepcii obchodného zákonníka a novely občianskeho zákonníka. Kritika pôsobnosti dvoch komisií pripravujúcich zákony, ktoré rozštiepili kodifikáciu súkromného práva do dvoch kódexov - občianskeho a obchodného, hoci občiansky zákonník by mal byť základom a obchodný by mal upravovať len...
Enregistré dans:
| Auteur principal: | |
|---|---|
| Format: | Chapitre de livre |
| Langue: | tchèque |
| Sujets: | |
| Tags: |
Pas de tags, Soyez le premier à ajouter un tag!
|
MARC
| LEADER | 00000naa a2200000 4500 | ||
|---|---|---|---|
| 001 | r005045 | ||
| 005 | 20221125080306.4 | ||
| 041 | 0 | |a cze | |
| 044 | |a [CS] | ||
| 245 | 1 | 0 | |a Věc: obchodní zákoník. |b Poslední pokus o výkřik. |c I. Pelikánová |
| 520 | |a Nedostatky v koncepcii obchodného zákonníka a novely občianskeho zákonníka. Kritika pôsobnosti dvoch komisií pripravujúcich zákony, ktoré rozštiepili kodifikáciu súkromného práva do dvoch kódexov - občianskeho a obchodného, hoci občiansky zákonník by mal byť základom a obchodný by mal upravovať len to, čo je odlišné od občianskeho zákonníka. Duplicity a nepresnosti. | ||
| 610 | 2 | 0 | |a zákony |
| 610 | 2 | 0 | |a právo obchodné |
| 610 | 2 | 0 | |a právo občianske |
| 610 | 2 | 0 | |a ČSFR |
| 100 | 1 | |a Pelikánová, Irena | |